Animal Cartoons by Emoji - Statistics

General Stats
  • This quiz has been taken 91 times
  • The average score is 7 of 23
Answer Stats
Hint Answer % Correct
🦌 Bambi
88%
🐘 Dumbo
80%
🐠 🐠🐠 🐒 🦈 Finding Nemo
67%
πŸ¦πŸ¦“πŸ¦’πŸ¦›πŸ§πŸ§πŸ§πŸ§ Madagascar
63%
🐱 🐭 Tom and Jerry
56%
🐰 🦊 Zootopia
52%
🐒🐒🐒🐒 πŸ€ Teenage Mutant Ninja Turtles
48%
🦊🐢 The Fox and the Hound
47%
πŸ»πŸˆβ€β¬›πŸ¦§πŸ˜πŸ πŸ… The Jungle Book
44%
🐿🐿🐿 Alvin and The Chipmunks
35%
πŸ»πŸ–πŸ…πŸ‡πŸ¦‰πŸ¦˜πŸ¦˜ Winnie the Pooh
33%
🐻🐻 Yogi Bear
20%
πŸ„πŸ“ Cow and Chicken
16%
πŸ¦† πŸ¦†πŸ¦†πŸ¦† Duck Tales
16%
πŸ¦”πŸ¦Š Sonic the Hedgehog
15%
πŸ‡πŸ¦†πŸ–πŸ₯πŸˆβ€β¬›πŸ“πŸ¦¨ Loony Toons
13%
πŸ­πŸ­πŸ¦†πŸΆ Mickey Mouse and Friends
12%
🐿🐿🐭🐭πŸͺ° Rescue Rangers
11%
πŸͺ± Earthworm Jim
5%
πŸ¦πŸ¦πŸ†πŸ€πŸ¦– vs πŸ¦–πŸπŸ•·πŸ•·πŸ¦‚ Beast Wars
4%
πŸ¦ŠπŸ¦…πŸ°πŸΈ Star Fox
4%
🦝 🦝🦝 🐢 πŸ¦‰ Animal Crossing
3%
🐸🐸🐸 Battletoads
3%
No matching quizzes found
Score Distribution
Percent of People with Each Score
Percentile by Number Answered
Your Score History
You have not taken this quiz